[Event "21 Open Ciudad de Jaen"]
[Site "Jaen ESP"]
[Date "2011.02.06"]
[Round "7.3"]
[White "Campora Sivori, Daniel H"]
[Black "Fedorchuk, Sergey A"]
[Result "1-0"]
[WhiteElo "2488"]
[BlackElo "2650"]
[PlyCount "121"]
[EventDate "2011.02.06"]
[EventType "swiss (rapid)"]
[EventRounds "9"]
[EventCountry "ESP"]
[Source "lmi"]
[SourceDate "2011.02.06"]

1. e4 c5 2. Nf3 e6 3. d4 cxd4 4. Nxd4 Nf6 5. Bd3 e5 6. Nb5 a6 7. N5c3 Bc5 8.
O-O d6 9. Bg5 Be6 10. Nd5 Bxd5 11. exd5 Nbd7 12. Bf5 Qb6 13. Nd2 Qxb2 14. Rb1
Qxa2 15. Rxb7 Qxd5 16. Rxd7 Nxd7 17. Be4 Qe6 18. Bxa8 O-O 19. Qf3 Nb6 20. Bb7
d5 21. Nb3 Bd6 22. Bxa6 Qg6 23. Be3 d4 24. Bd3 f5 25. Bxd4 exd4 26. Nxd4 Bxh2+
27. Kxh2 Qd6+ 28. Kg1 Qxd4 29. Bxf5 g6 30. Be6+ Kg7 31. Rd1 Qc5 32. Qe3 Qxe3
33. fxe3 Re8 34. Rd6 Na4 35. Kf2 Nc3 36. Rd7+ Kf6 37. Bb3 h5 38. Kf3 g5 39.
Rf7+ Kg6 40. Rc7 Rf8+ 41. Kg3 Ne4+ 42. Kh2 g4 43. Bc4 Kg5 44. Bd3 Re8 45. Bxe4
Rxe4 46. Rc5+ Kg6 47. Rc3 h4 48. Rd3 Re8 49. c4 Rc8 50. Rd6+ Kf5 51. Rd5+ Ke4
52. Rg5 g3+ 53. Kh3 Kxe3 54. Rg4 Kf2 55. Rf4+ Kg1 56. Rxh4 Rg8 57. c5 Rg6 58.
Rc4 Kf2 59. Rc2+ Ke3 60. c6 Kf4 61. Rc4+ 1-0

[Event "21 Open Ciudad de Jaen"]
[Site "Jaen ESP"]
[Date "2011.02.06"]
[Round "7.4"]
[White "Plaskett, H James"]
[Black "Iturrizaga, Eduardo"]
[Result "0-1"]
[WhiteElo "2475"]
[BlackElo "2611"]
[PlyCount "64"]
[EventDate "2011.02.06"]
[EventType "swiss (rapid)"]
[EventRounds "9"]
[EventCountry "ESP"]
[Source "lmi"]
[SourceDate "2011.02.06"]

1. e4 c5 2. Nc3 a6 3. Nf3 b5 4. g3 Bb7 5. Qe2 Nc6 6. Bg2 g6 7. O-O Bg7 8. d3 d6
9. h3 e6 10. a4 b4 11. Nd1 Nge7 12. Re1 Rc8 13. h4 h6 14. c3 a5 15. Bd2 Ba6 16.
Rb1 Rb8 17. Qe3 Rf8 18. Bh3 f5 19. Rc1 Qc7 20. g4 f4 21. Qe2 d5 22. cxb4 axb4
23. Nd4 Bxd4 24. Qf3 Nf5 25. Bxb4 Nxh4 26. Bxc5 Qe7 27. Kh1 e5 28. Kh2 Qg5 29.
Rg1 Bxd3 30. Ra1 Ra8 31. Rh1 Bf1 32. Bxf1 Qd8 0-1

[Event "21 Open Ciudad de Jaen"]
[Site "Jaen ESP"]
[Date "2011.02.06"]
[Round "7.5"]
[White "Razmyslov, Alexander"]
[Black "Rivas Pastor, Manuel"]
[Result "0-1"]
[WhiteElo "2439"]
[BlackElo "2533"]
[PlyCount "109"]
[EventDate "2011.02.06"]
[EventType "swiss (rapid)"]
[EventRounds "9"]
[EventCountry "ESP"]
[Source "lmi"]
[SourceDate "2011.02.06"]

1. c4 e5 2. Nc3 Bb4 3. g3 Bxc3 4. bxc3 d6 5. Bg2 Qe7 6. Rb1 c6 7. Ba3 Nf6 8.
Nf3 O-O 9. O-O b6 10. Ne1 Re8 11. d3 Qc7 12. Nc2 d5 13. cxd5 cxd5 14. c4 Bb7
15. cxd5 Nxd5 16. Qd2 Nf6 17. Bxb7 Qxb7 18. Ne3 Nc6 19. Nf5 Re6 20. Qg5 Ne8 21.
Bb2 Qd7 22. Rbc1 Rg6 23. Qh5 Nd6 24. Nxd6 Rxd6 25. Rc4 f6 26. Rfc1 Rc8 27. Qf3
Re6 28. h4 Ne7 29. Rxc8+ Nxc8 30. h5 h6 31. Qe4 Re8 32. Rc6 Qf7 33. Qc4 Qxc4
34. Rxc4 Nd6 35. Rc7 Rc8 36. Rd7 Nb5 37. a4 Rc2 38. Bxe5 fxe5 39. axb5 Rxe2 40.
Kf1 Ra2 41. Rd5 Ra5 42. Rxe5 a6 43. Re8+ Kf7 44. Ra8 axb5 45. Rb8 Ra6 46. Ke2
Ke6 47. Kd2 Kd5 48. Kc3 Ra3+ 49. Kb4 Rxd3 50. Rxb6 Rf3 51. Rxb5+ Ke6 52. Rb7
Kf6 53. Rb8 Kf7 54. Rb7+ Kg8 55. Rb5 0-1

[Event "21 Open Ciudad de Jaen"]
[Site "Jaen ESP"]
[Date "2011.02.06"]
[Round "7.6"]
[White "Matamoros Franco, Carlos S"]
[Black "Roa Alonso, Santiago"]
[Result "1-0"]
[WhiteElo "2545"]
[BlackElo "2439"]
[PlyCount "123"]
[EventDate "2011.02.06"]
[EventType "swiss (rapid)"]
[EventRounds "9"]
[EventCountry "ESP"]
[Source "lmi"]
[SourceDate "2011.02.06"]

1. c4 Nf6 2. g3 e6 3. Bg2 d5 4. Nf3 Be7 5. O-O O-O 6. b3 b6 7. Bb2 Bb7 8. e3 c5
9. Nc3 Nbd7 10. Qe2 Ne4 11. cxd5 exd5 12. d4 Re8 13. Rfd1 Nxc3 14. Bxc3 Bf6 15.
Rac1 Qe7 16. Qb2 a5 17. dxc5 bxc5 18. Ne1 Qd6 19. Bxf6 Nxf6 20. Nd3 Rec8 21.
Nf4 a4 22. Nxd5 Bxd5 23. Bxd5 Nxd5 24. Qd2 axb3 25. axb3 Rab8 26. Qxd5 Qxd5 27.
Rxd5 Rxb3 28. Rcxc5 Rbb8 29. g4 h6 30. Kg2 Rxc5 31. Rxc5 Rb4 32. Kg3 Kh7 33. h4
g6 34. f4 Rb3 35. Kf3 Ra3 36. h5 Kg7 37. Re5 Rb3 38. Ra5 Rc3 39. hxg6 Kxg6 40.
Ke4 Rb3 41. Ra6+ Kg7 42. Rd6 Ra3 43. Rd3 Ra5 44. Rd5 Ra3 45. Kd4 Rb3 46. Rc5
Ra3 47. Rc6 Ra4+ 48. Ke5 Ra5+ 49. Ke4 Ra4+ 50. Kf3 Rb4 51. Rc3 Ra4 52. e4 f6
53. Rc7+ Kg8 54. Re7 Ra3+ 55. Kf2 Ra4 56. Kg3 Kf8 57. Re6 Kf7 58. f5 Rb4 59. e5
fxe5 60. Rxh6 Rb3+ 61. Kh4 Rf3 62. Re6 1-0

[Event "21 Open Ciudad de Jaen"]
[Site "Jaen ESP"]
[Date "2011.02.06"]
[Round "7.8"]
[White "Guerra Bastida, Diego"]
[Black "Galvez Extremera, Francisco"]
[Result "1-0"]
[WhiteElo "2413"]
[BlackElo "2163"]
[PlyCount "89"]
[EventDate "2011.02.06"]
[EventType "swiss (rapid)"]
[EventRounds "9"]
[EventCountry "ESP"]
[Source "lmi"]
[SourceDate "2011.02.06"]

1. d4 Nf6 2. c4 e5 3. dxe5 Ng4 4. Nc3 Nxe5 5. e3 Nbc6 6. Nh3 Ng6 7. Bd3 Bb4 8.
O-O Bxc3 9. bxc3 d6 10. Qh5 Nce5 11. Be2 Be6 12. f4 Bxh3 13. fxe5 Be6 14. exd6
Qxd6 15. Rd1 Qe5 16. Qf3 c6 17. Ba3 Qxc3 18. Bd6 Rd8 19. c5 Nh4 20. Qf4 Nf5 21.
Rab1 Nxd6 22. cxd6 Rd7 23. Ba6 O-O 24. Bxb7 Bd5 25. e4 Qc5+ 26. Kh1 Bxa2 27.
Rbc1 Qh5 28. Bxc6 Rdd8 29. Bd5 Bxd5 30. Rxd5 Qe2 31. d7 a5 32. h3 a4 33. Qh4
Qa6 34. Qe7 a3 35. Ra1 a2 36. Rd2 Qb5 37. Raxa2 Qf1+ 38. Kh2 Qf4+ 39. g3 Qf1
40. Rac2 h5 41. e5 Qf3 42. Qxd8 Rxd8 43. Rc8 h4 44. Rxd8+ Kh7 45. Rh8+ 1-0

[Event "21 Open Ciudad de Jaen"]
[Site "Jaen ESP"]
[Date "2011.02.06"]
[Round "7.9"]
[White "Romero Berruezo, Francisco"]
[Black "Milchev, Nikolay"]
[Result "0-1"]
[WhiteElo "2161"]
[BlackElo "2358"]
[PlyCount "84"]
[EventDate "2011.02.06"]
[EventType "swiss (rapid)"]
[EventRounds "9"]
[EventCountry "ESP"]
[Source "lmi"]
[SourceDate "2011.02.06"]

1. Nf3 Nc6 2. c4 e5 3. d3 Bc5 4. e3 a6 5. Be2 d6 6. O-O Ba7 7. d4 Bf5 8. Nc3
Nf6 9. b4 O-O 10. a3 Re8 11. dxe5 Nxe5 12. Nxe5 dxe5 13. Bb2 c6 14. c5 Qe7 15.
Qb3 Rad8 16. Rad1 Bb8 17. Rxd8 Rxd8 18. Rd1 Re8 19. Bc4 e4 20. Ne2 Ng4 21. Ng3
Bg6 22. Be2 Ne5 23. Rd4 Nd3 24. Bxd3 exd3 25. e4 Bxg3 26. hxg3 Bxe4 27. Qc3 f6
28. Bc1 Bg6 29. Be3 h5 30. Qc4+ Kh7 31. Rd6 Qe5 32. Qd4 Qf5 33. Rd7 Re4 34. Qd6
h4 35. gxh4 Rxh4 36. Qc7 Qh5 37. Rxg7+ Kh8 38. f3 Rh1+ 39. Kf2 Qh4+ 40. Qg3 d2
41. Rd7 Qh5 42. Qh4 Rxh4 0-1

[Event "21 Open Ciudad de Jaen"]
[Site "Jaen ESP"]
[Date "2011.02.06"]
[Round "8.1"]
[White "Rivas Pastor, Manuel"]
[Black "Georgiev, Kiril"]
[Result "1/2-1/2"]
[WhiteElo "2533"]
[BlackElo "2669"]
[PlyCount "183"]
[EventDate "2011.02.06"]
[EventType "swiss (rapid)"]
[EventRounds "9"]
[EventCountry "ESP"]
[Source "lmi"]
[SourceDate "2011.02.06"]

1. d4 Nf6 2. c4 c5 3. d5 e5 4. Nc3 d6 5. e4 Be7 6. Be2 Nbd7 7. Be3 Nf8 8. g3
Ng6 9. h4 h5 10. f3 Bd7 11. Nh3 a6 12. a4 Rb8 13. a5 b6 14. axb6 Rxb6 15. b3
Qb8 16. Ra3 O-O 17. Nf2 Qb7 18. Bd3 Rb8 19. Bc2 Bd8 20. Kf1 Qc8 21. Kg2 Ne8 22.
Bd2 Ne7 23. Qe2 g6 24. Na4 R6b7 25. Nc3 a5 26. Nh3 Ng7 27. Nd1 Ra8 28. Qe1 Rba7
29. Nc3 Qb8 30. Na4 Ne8 31. Nc3 Nc8 32. Qe2 Nc7 33. Rha1 Na6 34. Nf2 Nb4 35.
Bd1 Nb6 36. Na4 Nc8 37. Nd3 Be8 38. Nc3 Rb7 39. Ne1 Nb6 40. Na4 Nxa4 41. bxa4
f5 42. Nd3 Bf6 43. Nf2 f4 44. Nh3 Qd8 45. Rb1 Rab8 46. gxf4 exf4 47. Nxf4 Bf7
48. Kf1 Bxh4 49. Qg2 Qf6 50. Nxh5 Qd4 51. Nf4 Nxd5 52. Rxb7 Nxf4 53. Rxb8+ Kh7
54. Rh8+ Kxh8 55. Bc3 Bxc4+ 56. Be2 Nxg2 57. Bxd4+ cxd4 58. Bxc4 Ne3+ 59. Rxe3
dxe3 60. Ke2 Bg5 61. Bb5 Kg7 62. Bc6 Kf6 63. Bb5 Bf4 64. Be8 g5 65. Bc6 Ke5 66.
Bb5 Kd4 67. Bc6 Kc4 68. Bb5+ Kc5 69. Bd7 Kd4 70. Bc8 Ke5 71. Bd7 Kd4 72. Bc8
Be5 73. Bd7 Bf6 74. Bc8 Bd8 75. Bd7 Bb6 76. Bc8 Ke5 77. Bd7 Kf4 78. Bc8 Bc5 79.
Bd7 Ke5 80. Bc8 Kd4 81. Bd7 Kc4 82. Bc8 Kb4 83. Bd7 Kb3 84. Be8 Kc3 85. Bd7 Kd4
86. Bc8 Bb6 87. Bd7 d5 88. exd5 Kxd5 89. Bb5 Kd4 90. Bc6 Bc7 91. Bd7 Bf4 92.
Be8 1/2-1/2

[Event "21 Open Ciudad de Jaen"]
[Site "Jaen ESP"]
[Date "2011.02.06"]
[Round "8.2"]
[White "Granda Zuñiga, Julio E"]
[Black "Campora Sivori, Daniel H"]
[Result "1-0"]
[WhiteElo "2615"]
[BlackElo "2488"]
[PlyCount "101"]
[EventDate "2011.02.06"]
[EventType "swiss (rapid)"]
[EventRounds "9"]
[EventCountry "ESP"]
[Source "lmi"]
[SourceDate "2011.02.06"]

1. Nf3 d5 2. g3 Bg4 3. Bg2 Nd7 4. c4 dxc4 5. Na3 c6 6. Nxc4 Bxf3 7. Bxf3 e6 8.
O-O Ngf6 9. d4 Be7 10. b3 O-O 11. Bb2 a5 12. a3 Nb6 13. Ne5 Nfd7 14. Nd3 a4 15.
b4 Nc4 16. Bc3 Nd6 17. Qc2 Nb5 18. Bb2 Bf6 19. e3 Qe7 20. Bg4 g6 21. f4 Bg7 22.
Be2 Rfd8 23. Rac1 Nd6 24. Qd2 Nb6 25. Ne1 Kh8 26. Nf3 Nd5 27. g4 f5 28. Bd3 Nf6
29. g5 Nd5 30. Qe2 Kg8 31. h4 Rf8 32. h5 gxh5 33. Kg2 Qf7 34. Rh1 Ne4 35. Bxe4
fxe4 36. Nd2 Qg6 37. Kg3 Rf7 38. Nf1 Rxf4 39. exf4 Nxf4 40. Kxf4 Rf8+ 41. Kg3
Qxg5+ 42. Kh2 Rf3 43. Qg2 Qf4+ 44. Kg1 e3 45. Rc2 Kh8 46. Rh3 Rxh3 47. Qxh3 Qe4
48. Nxe3 Kg8 49. Rg2 Kf8 50. Rxg7 Kxg7 51. Qg2+ 1-0

[Event "21 Open Ciudad de Jaen"]
[Site "Jaen ESP"]
[Date "2011.02.06"]
[Round "8.3"]
[White "Iturrizaga, Eduardo"]
[Black "Moreno Trujillo, Alejandro"]
[Result "1-0"]
[WhiteElo "2611"]
[BlackElo "2449"]
[PlyCount "83"]
[EventDate "2011.02.06"]
[EventType "swiss (rapid)"]
[EventRounds "9"]
[EventCountry "ESP"]
[Source "lmi"]
[SourceDate "2011.02.06"]

1. Nf3 d5 2. c4 c6 3. e3 Nf6 4. Nc3 e6 5. Qc2 Nbd7 6. b3 b6 7. Bb2 Bb7 8. d4
Bd6 9. Be2 O-O 10. O-O h6 11. Rad1 Qe7 12. Rfe1 Rad8 13. Bd3 Rfe8 14. e4 dxe4
15. Nxe4 Nxe4 16. Bxe4 Nf6 17. Bd3 c5 18. d5 Qf8 19. Nh4 e5 20. Nf3 Nd7 21. Bf5
Bc8 22. h3 Re7 23. Bxd7 Bxd7 24. Bxe5 Bxe5 25. Rxe5 Rde8 26. Rde1 f6 27. Rxe7
Rxe7 28. Qd2 Qe8 29. Rxe7 Qxe7 30. Qf4 Be8 31. Qb8 Kh7 32. Kh2 Bh5 33. Qf4 Qe2
34. Nh4 Bf7 35. Qe3 Qd1 36. Qe7 Qd4 37. Nf5 Qxf2 38. Ng3 Bg6 39. d6 f5 40. d7
f4 41. Ne4 Qe3 42. Nf6+ 1-0

[Event "21 Open Ciudad de Jaen"]
[Site "Jaen ESP"]
[Date "2011.02.06"]
[Round "8.5"]
[White "Fedorchuk, Sergey A"]
[Black "Hernandez, Alexander"]
[Result "1-0"]
[WhiteElo "2650"]
[BlackElo "2285"]
[PlyCount "64"]
[EventDate "2011.02.06"]
[EventType "swiss (rapid)"]
[EventRounds "9"]
[EventCountry "ESP"]
[Source "lmi"]
[SourceDate "2011.02.06"]

1. e4 e5 2. Nf3 Nc6 3. Bb5 a6 4. Ba4 Nf6 5. O-O b5 6. Bb3 Be7 7. Re1 d6 8. c3
O-O 9. d4 Bg4 10. Be3 Na5 11. Bc2 Nc4 12. Bc1 Qc8 13. b3 Nb6 14. Nbd2 Nbd7 15.
h3 Bh5 16. Nf1 c5 17. d5 c4 18. b4 Re8 19. Ng3 Bg6 20. a4 Bd8 21. Be3 Bb6 22.
Nh4 Qc7 23. Nhf5 Nf8 24. Bg5 N8d7 25. Qf3 h6 26. Nxh6+ gxh6 27. Bxf6 Nxf6 28.
Qxf6 a5 29. Nf5 Bxf5 30. exf5 Kh7 31. Qh4 Rh8 32. Qd8 Qxd8 1-0

[Event "21 Open Ciudad de Jaen"]
[Site "Jaen ESP"]
[Date "2011.02.06"]
[Round "8.6"]
[White "Almagro Mazariegos, Sebastian"]
[Black "Plaskett, H James"]
[Result "0-1"]
[WhiteElo "2308"]
[BlackElo "2475"]
[PlyCount "100"]
[EventDate "2011.02.06"]
[EventType "swiss (rapid)"]
[EventRounds "9"]
[EventCountry "ESP"]
[Source "lmi"]
[SourceDate "2011.02.06"]

1. e4 c5 2. Nf3 d6 3. d4 cxd4 4. Nxd4 Nf6 5. Nc3 Nc6 6. Bc4 e6 7. O-O Be7 8.
Kh1 O-O 9. f4 d5 10. exd5 exd5 11. Bb3 Bc5 12. Be3 Bb6 13. f5 Re8 14. Bg1 Re5
15. Qd3 Bd7 16. Rae1 Bxd4 17. Bxd4 Bxf5 18. Bxe5 Bxd3 19. Bxf6 gxf6 20. cxd3
Nb4 21. Re3 Qb6 22. Ref3 Kg7 23. Rg3+ Kh8 24. Rgf3 Re8 25. h3 Re6 26. a3 Nxd3
27. Bxd5 Re1 28. Ne4 Qd4 29. Bxb7 Qxb2 30. Bd5 Qd4 31. Ba8 Rxe4 32. Bxe4 Qxe4
33. Rxf6 Ne5 34. R6f4 Qe3 35. Ra4 Kg7 36. Ra5 h6 37. Kh2 f6 38. Ra6 Nd7 39. Rd1
Ne5 40. Rf1 Nd7 41. Rd1 Qe5+ 42. Kh1 Qc7 43. Rd4 Qc1+ 44. Kh2 Qc7+ 45. Kh1 Nb6
46. Rg4+ Kf7 47. Ra5 Nc4 48. Rh5 Ne3 49. Re4 Qc1+ 50. Kh2 Nf1+ 0-1

[Event "21 Open Ciudad de Jaen"]
[Site "Jaen ESP"]
[Date "2011.02.06"]
[Round "8.7"]
[White "Ivanov, Jordan"]
[Black "Badev, Kiril"]
[Result "1-0"]
[WhiteElo "2469"]
[BlackElo "2310"]
[PlyCount "69"]
[EventDate "2011.02.06"]
[EventType "swiss (rapid)"]
[EventRounds "9"]
[EventCountry "ESP"]
[Source "lmi"]
[SourceDate "2011.02.06"]

1. d4 Nf6 2. c4 c5 3. d5 e6 4. Nc3 exd5 5. cxd5 d6 6. e4 g6 7. Nf3 Bg7 8. h3
O-O 9. Bd3 Re8 10. O-O a6 11. a4 Nbd7 12. Re1 Rb8 13. a5 Ne5 14. Nxe5 Rxe5 15.
Bf4 Re8 16. Qd2 Nh5 17. Bg5 Qc7 18. Bc4 Bd7 19. Ra3 Be5 20. Be3 f5 21. exf5
gxf5 22. Ne2 Rf8 23. Nf4 Ng7 24. Ne6 Bxe6 25. dxe6 Kh8 26. Bg5 Bf6 27. Bxf6
Rxf6 28. Rd3 Rd8 29. e7 Re8 30. Rde3 f4 31. Re4 f3 32. g4 h5 33. Rf4 Rg6 34.
Bf7 Qd8 35. Qd1 1-0

[Event "21 Open Ciudad de Jaen"]
[Site "Jaen ESP"]
[Date "2011.02.06"]
[Round "8.8"]
[White "Diaz Rodriguez, Francisco Javier"]
[Black "Razmyslov, Alexander"]
[Result "0-1"]
[WhiteElo "2179"]
[BlackElo "2439"]
[PlyCount "61"]
[EventDate "2011.02.06"]
[EventType "swiss (rapid)"]
[EventRounds "9"]
[EventCountry "ESP"]
[Source "lmi"]
[SourceDate "2011.02.06"]

1. d4 Nf6 2. Nf3 e6 3. Nbd2 d5 4. e3 c5 5. c3 Nc6 6. Bd3 Bd6 7. O-O O-O 8. dxc5
Bxc5 9. e4 e5 10. exd5 Qxd5 11. Qc2 Bg4 12. Ng5 h6 13. Nge4 Nxe4 14. Nxe4 Be7
15. Ng3 Be6 16. Rd1 Qa5 17. Bf5 Bxf5 18. Nxf5 Rfd8 19. Be3 Bf8 20. Qe2 Rxd1+
21. Qxd1 Rd8 22. Qg4 Kh7 23. Qf3 Qd5 24. Qg4 Qe6 25. Qe4 g6 26. Ng3 f5 27. Qh4
f4 28. Ne4 Be7 29. Nc5 Qd5 30. Qxf4 Nb8 31. Bc1 0-1

[Event "21 Open Ciudad de Jaen"]
[Site "Jaen ESP"]
[Date "2011.02.06"]
[Round "8.9"]
[White "Castillo Gallego, Sergio"]
[Black "Guerra Bastida, Diego"]
[Result "1-0"]
[WhiteElo "2234"]
[BlackElo "2413"]
[PlyCount "90"]
[EventDate "2011.02.06"]
[EventType "swiss (rapid)"]
[EventRounds "9"]
[EventCountry "ESP"]
[Source "lmi"]
[SourceDate "2011.02.06"]

1. e4 c5 2. Nf3 d6 3. d4 cxd4 4. Nxd4 Nf6 5. Nc3 a6 6. Be3 e5 7. Nb3 Be6 8. f3
h5 9. Nd5 Bxd5 10. exd5 Nbd7 11. Be2 g6 12. Qd2 h4 13. Na5 Qc7 14. b4 Nh5 15.
c4 Bg7 16. Rc1 O-O 17. O-O Nf4 18. Rfd1 h3 19. g3 Nxe2+ 20. Qxe2 f5 21. Qf1 f4
22. gxf4 exf4 23. Bf2 Ne5 24. Qxh3 Rf5 25. Kh1 b6 26. Nb3 Rh5 27. Qg2 Kf7 28.
Nd4 Rah8 29. Bg1 Rh3 30. Ne6 Qd7 31. Ng5+ Kg8 32. Nxh3 Rxh3 33. Re1 Nd3 34. Re6
Rh6 35. Rd1 Ne5 36. Bd4 Qf7 37. Rg1 Kh7 38. Bxe5 Bxe5 39. Qg5 Bg7 40. Rxd6 Bd4
41. Re6 Qf8 42. d6 Bxg1 43. Re7+ Kh8 44. Qe5+ Kg8 45. Re8 Rh8 1-0

[Event "21 Open Ciudad de Jaen"]
[Site "Jaen ESP"]
[Date "2011.02.06"]
[Round "9.1"]
[White "Georgiev, Kiril"]
[Black "Granda Zuñiga, Julio E"]
[Result "1-0"]
[WhiteElo "2669"]
[BlackElo "2615"]
[PlyCount "82"]
[EventDate "2011.02.06"]
[EventType "swiss (rapid)"]
[EventRounds "9"]
[EventCountry "ESP"]
[Source "lmi"]
[SourceDate "2011.02.06"]

1. d4 d5 2. Nf3 Nf6 3. c4 c6 4. Nc3 e6 5. g3 Nbd7 6. Qd3 Bd6 7. Bg2 O-O 8. O-O
Qe7 9. Rd1 Rd8 10. Bf4 Bxf4 11. gxf4 b6 12. Ne5 Bb7 13. Rac1 Rac8 14. e3 Ne8
15. Qc2 Nxe5 16. dxe5 dxc4 17. Qa4 a6 18. Qxc4 c5 19. a4 Bxg2 20. Kxg2 Qb7+ 21.
Qe4 Qb8 22. f5 exf5 23. Qxf5 Qb7+ 24. Qe4 Qe7 25. Nd5 Qe6 26. f3 b5 27. a5 c4
28. Nb6 Rb8 29. Rd4 f5 30. Qh4 Rxd4 31. Qxd4 Nc7 32. Rd1 Qg6+ 33. Kf2 Ne6 34.
Qh4 f4 35. e4 Qe8 36. Nd5 Qf8 37. Ne7+ Kf7 38. Rd7 Ke8 39. Ra7 Rd8 40. Qh5+ g6
41. Qxh7 Ra8 1-0

[Event "21 Open Ciudad de Jaen"]
[Site "Jaen ESP"]
[Date "2011.02.06"]
[Round "9.3"]
[White "Moreno Trujillo, Alejandro"]
[Black "Fedorchuk, Sergey A"]
[Result "0-1"]
[WhiteElo "2449"]
[BlackElo "2650"]
[PlyCount "121"]
[EventDate "2011.02.06"]
[EventType "swiss (rapid)"]
[EventRounds "9"]
[EventCountry "ESP"]
[Source "lmi"]
[SourceDate "2011.02.06"]

1. d4 Nf6 2. c4 e6 3. Nc3 Bb4 4. e3 c5 5. Nge2 b6 6. a3 Ba5 7. Rb1 Na6 8. Bd2
O-O 9. d5 d6 10. Nf4 Bxc3 11. Bxc3 Ne4 12. Qc2 Nxc3 13. Qxc3 e5 14. Ne2 Bf5 15.
Rd1 Nc7 16. Ng3 Bd7 17. b4 cxb4 18. axb4 a5 19. Be2 Na6 20. bxa5 bxa5 21. O-O
Nc5 22. f4 Re8 23. Bd3 Qe7 24. Rde1 a4 25. Bc2 f6 26. Ne4 Rac8 27. fxe5 Nxe4
28. Bxe4 Qxe5 29. Qxe5 Rxe5 30. Bd3 Rb8 31. Kf2 Rb3 32. Rd1 Rb2+ 33. Kf3 Rg5
34. Rb1 Rgxg2 35. h4 Rgd2 36. Ke4 Kf7 37. Rxb2 Rxb2 38. Kd4 Rh2 39. Rb1 Rxh4+
40. Kc3 Ke7 41. Rb7 Kd8 42. Ra7 Rh6 43. Bc2 f5 44. Ra8+ Kc7 45. Ra7+ Kc8 46.
Bxa4 Bxa4 47. Rxa4 Rh3 48. Kd4 Rh4+ 49. Kd3 g5 50. Ra7 Rh3 51. Kd4 Rh4+ 52. Kd3
Rh5 53. Rg7 g4 54. Kd4 Rh4 55. Kd3 Rh3 56. Kd4 h5 57. Rg5 Rh4 58. Kd3 Rh1 59.
Rxf5 h4 60. Rg5 h3 61. Kd4 0-1

[Event "21 Open Ciudad de Jaen"]
[Site "Jaen ESP"]
[Date "2011.02.06"]
[Round "9.4"]
[White "Matamoros Franco, Carlos S"]
[Black "Ivanov, Jordan"]
[Result "0-1"]
[WhiteElo "2545"]
[BlackElo "2469"]
[PlyCount "106"]
[EventDate "2011.02.06"]
[EventType "swiss (rapid)"]
[EventRounds "9"]
[EventCountry "ESP"]
[Source "lmi"]
[SourceDate "2011.02.06"]

1. c4 e5 2. g3 g6 3. Bg2 Bg7 4. Nc3 d6 5. e4 Nc6 6. Nge2 h5 7. h4 Nh6 8. d3 Nd4
9. Nxd4 exd4 10. Ne2 Ng4 11. Bg5 f6 12. Bd2 c5 13. b4 O-O 14. Rb1 b6 15. Nf4
Ne5 16. O-O Bg4 17. f3 Bd7 18. Qe2 Rc8 19. b5 Qe8 20. Bh3 f5 21. exf5 Bxf5 22.
Bxf5 Rxf5 23. Rbe1 Qf7 24. Nd5 Nxf3+ 25. Rxf3 Rxf3 26. Kg2 Rf8 27. Bf4 Rxf4 28.
Nxf4 Be5 29. Nd5 Kh7 30. a4 Qf5 31. Rf1 Qxf1+ 32. Qxf1 Rxf1 33. Kxf1 Bxg3 34.
Ne7 Bxh4 35. Nc6 Kg7 36. Nxa7 Bd8 37. Nc8 Kf7 38. Nxd6+ Ke6 39. Ne4 g5 40. a5
bxa5 41. Nxc5+ Ke5 42. Kg2 g4 43. b6 Kd6 44. Na4 Kc6 45. c5 h4 46. Kf2 Bg5 47.
Nb2 Kxc5 48. b7 Bf4 49. Nc4 a4 50. Na5 a3 51. Nb3+ Kd5 52. Nc1 Kc6 53. Ne2 Be3+
0-1

[Event "21 Open Ciudad de Jaen"]
[Site "Jaen ESP"]
[Date "2011.02.06"]
[Round "9.6"]
[White "Campora Sivori, Daniel H"]
[Black "Castillo Gallego, Sergio"]
[Result "1-0"]
[WhiteElo "2488"]
[BlackElo "2234"]
[PlyCount "53"]
[EventDate "2011.02.06"]
[EventType "swiss (rapid)"]
[EventRounds "9"]
[EventCountry "ESP"]
[Source "lmi"]
[SourceDate "2011.02.06"]

1. e4 e5 2. Nf3 Nc6 3. Nc3 Nf6 4. Bb5 Nd4 5. Ba4 c6 6. d3 b5 7. Bb3 Nxb3 8.
axb3 Qc7 9. O-O Be7 10. h3 O-O 11. Ne2 d5 12. Ng3 a5 13. Nh2 dxe4 14. dxe4 a4
15. Qf3 Be6 16. bxa4 Rxa4 17. Rxa4 bxa4 18. Ng4 Nxg4 19. hxg4 g6 20. Nf5 Bxf5
21. gxf5 Qd6 22. Rd1 Qf6 23. fxg6 fxg6 24. Qe2 Bc5 25. Qc4+ Qe6 26. Qe2 Be7 27.
Be3 1-0

[Event "21 Open Ciudad de Jaen"]
[Site "Jaen ESP"]
[Date "2011.02.06"]
[Round "9.7"]
[White "Plaskett, H James"]
[Black "Ruiz Sanchez, Andres"]
[Result "1-0"]
[WhiteElo "2475"]
[BlackElo "2169"]
[PlyCount "98"]
[EventDate "2011.02.06"]
[EventType "swiss (rapid)"]
[EventRounds "9"]
[EventCountry "ESP"]
[Source "lmi"]
[SourceDate "2011.02.06"]

1. Nf3 e6 2. c4 f5 3. g3 Nf6 4. Bg2 Be7 5. O-O O-O 6. Nc3 c6 7. d3 d5 8. Bf4 d4
9. Na4 a5 10. Rc1 c5 11. e3 Nc6 12. exd4 Nxd4 13. Nxd4 cxd4 14. Qb3 Nh5 15. Be5
Bd6 16. Bxd6 Qxd6 17. c5 Qe7 18. Rfe1 f4 19. Nb6 fxg3 20. fxg3 a4 21. Nxc8
Raxc8 22. Qxe6+ Qxe6 23. Rxe6 Rc7 24. Rd6 Rfc8 25. Rxd4 Rxc5 26. Rxc5 Rxc5 27.
Rc4 Re5 28. Bxb7 Re2 29. Bf3 Re5 30. Bxh5 Rxh5 31. Rxa4 Rb5 32. b3 Kf7 33. Kf2
Kf6 34. Ke3 Re5+ 35. Re4 Rb5 36. Kd2 Rh5 37. Rh4 Ra5 38. a4 h5 39. Kc3 Kg5 40.
Kb4 Ra8 41. a5 Rd8 42. Kc3 Rc8+ 43. Rc4 Ra8 44. b4 Kf5 45. Kb3 g5 46. Ka4 Rd8
47. a6 Rxd3 48. a7 Rd8 49. Ka5 Rh8 1-0

[Event "21 Open Ciudad de Jaen"]
[Site "Jaen ESP"]
[Date "2011.02.06"]
[Round "9.8"]
[White "Komljenovic, Davorin"]
[Black "Roa Alonso, Santiago"]
[Result "1-0"]
[WhiteElo "2457"]
[BlackElo "2439"]
[PlyCount "56"]
[EventDate "2011.02.06"]
[EventType "swiss (rapid)"]
[EventRounds "9"]
[EventCountry "ESP"]
[Source "lmi"]
[SourceDate "2011.02.06"]

1. d4 Nf6 2. c4 g6 3. Nc3 Bg7 4. e4 d6 5. f4 O-O 6. Nf3 c5 7. d5 e6 8. dxe6
fxe6 9. Bd3 Nc6 10. O-O Nd4 11. Ng5 e5 12. f5 h6 13. Nh3 gxf5 14. exf5 b5 15.
b3 Bb7 16. Nf2 e4 17. Nfxe4 Nxe4 18. Bxe4 Bxe4 19. Nxe4 d5 20. Bxh6 Bxh6 21.
Qg4+ Kh8 22. Qh5 Rf6 23. cxd5 Qf8 24. Nxf6 Qxf6 25. Rae1 c4 26. d6 c3 27. d7
Qd8 28. Qd1 Bf8 1-0

[Event "21 Open Ciudad de Jaen"]
[Site "Jaen ESP"]
[Date "2011.02.06"]
[Round "9.9"]
[White "Aranaz Portugues, Jose Carlos"]
[Black "Milchev, Nikolay"]
[Result "0-1"]
[WhiteElo "2125"]
[BlackElo "2358"]
[PlyCount "51"]
[EventDate "2011.02.06"]
[EventType "swiss (rapid)"]
[EventRounds "9"]
[EventCountry "ESP"]
[Source "lmi"]
[SourceDate "2011.02.06"]

1. d4 Nf6 2. Bg5 c5 3. d5 Ne4 4. Bc1 f5 5. f3 Nd6 6. a4 g6 7. Nc3 Bg7 8. e3 e5
9. dxe6 dxe6 10. Nb5 Nxb5 11. Qxd8+ Kxd8 12. axb5 Nd7 13. Nh3 Nb6 14. Be2 Bd7
15. Kf2 Ke7 16. Rd1 Rhc8 17. c4 Be8 18. Rd3 Nxc4 19. Rb3 Nd6 20. Nf4 g5 21. Nh3
h6 22. Ke1 c4 23. Rb4 Bxb5 24. Ra5 a6 25. Ng1 Rh8 26. Ra1 0-1